| 000 | 01339nam a2200277 i 4500 | ||
|---|---|---|---|
| 003 | CSPC | ||
| 005 | 20250609085929.0 | ||
| 008 | 250514s2022 ph b 000 0 eng d | ||
| 020 | _a9786214780129 | ||
| 040 |
_cCSPC _aCSPC _beng _erda |
||
| 082 | 0 | 4 |
_a658.4012 _bM275s |
| 100 | 1 |
_aMagpantay, Don M., _eauthor. |
|
| 245 | 1 | 0 |
_aStrategic management for business and accountancy / _cDon M. Magpantay and Augusto R. Matias. |
| 264 | 1 |
_aManila : _bEDRIC Publishing House, _c2022. |
|
| 300 |
_a112 pages ; _c25 cm. |
||
| 336 |
_2rdacontent _atext |
||
| 337 |
_2rdamedia _aunmediated |
||
| 338 |
_2rdacarrier _avolume |
||
| 504 | _aIncludes bibliographical references. | ||
| 505 | 0 | _aThe nature of strategic management -- The business vision and mission -- Analyzing a company's external environment -- Analyzing a company's resources and competitive position -- Strategies in action -- Strategy analysis and choice -- Implementing strategies: management and operations issues -- Implementing strategies: marketing, finance/accounting R&D and MIS issues -- Writing a strategic plan. | |
| 650 | 4 | _aStrategic planning. | |
| 650 | 4 | _aAccounting. | |
| 700 | 1 |
_aMatias, Augusto R., _eauthor. |
|
| 942 |
_2ddc _n0 _cBK _iM275s _kFIL _m2022 _h658.4012 |
||
| 999 |
_c29570 _d29570 |
||